LEADER 00996cam0-22003371i-450- 001 990006964300403321 005 20070703111720.0 010 $a88-10-10271-1 035 $a000696430 035 $aFED01000696430 035 $a(Aleph)000696430FED01 035 $a000696430 100 $a20011002d2001----km-y0itay50------ba 101 0 $aita 102 $aIT 105 $ay-------001yy 200 1 $aVolontariati e globalizzazione$edal <> ai problemi dell'etica globale$fAchille Ardigò 210 $aBologna$cEDB$d2001 215 $a142 p.$d21 cm 225 1 $aVolontari perché$v1 610 0 $aServizio sociale volontario$aItalia 610 0 $aEnti senza scopo di lucro 676 $a361.37$v21$zita 700 1$aArdigò,$bAchille$f<1921-2008>$0339835 801 0$aIT$bUNINA$gRICA$2UNIMARC 901 $aBK 912 $a990006964300403321 952 $aIX A 1068$b37543$fFSPBC 959 $aFSPBC 996 $aVolontariati e globalizzazione$9699895 997 $aUNINA LEADER 01900cam2-2200541---450- 001 990001326150203316 005 20130319130940.0 010 $a0-19-814561-6 035 $a000132615 035 $aUSA01000132615 035 $a(ALEPH)000132615USA01 035 $a000132615 100 $a20031230d1964----km-y0itay50------ba 101 0 $agrc$alat 102 $aGB 105 $ay|||z|||001yy 200 1 $a<<1:>> Porphyrii Vita Plotini$aEnneades I-III$fediderunt Paul Henry et Hans-Rudolf Schwyzer 210 $aOxonii$ce Typographeo Clarendoniano$d1964 215 $aXXVIII, 382 p.$d20 cm 410 0$1001000300544$aScriptorum classicorum bibliotheca Oxoniensis 461 0$1001000132611$12001$aPlotini opera 540 1 $aEnneades 1.-3 700 0$aPLOTINUS$0198801 701 1$aSCHWYZER,$bHans-Rudolf$0315384 702 1$aHENRY,$bPaul 801 0$aIT$bsalbc$gISBD 912 $a990001326150203316 951 $aV.1. Coll.32/ 19/1(VIII A Coll 98/2)$b51626 L.M.$cV.1. Coll. 951 $aV.1. Coll. 32/ 19/1a$b202467 L.M.$cV.1. Coll.$d00064699 951 $aXV.8. Coll. 9/ 16 1$b221922 L.M.$cXV.8. Coll. 959 $aBK 969 $aUMA 969 $aFSO 979 $aSIAV6$b10$c20031230$lUSA01$h1611 979 $aPATRY$b90$c20040406$lUSA01$h1734 979 $aCOPAT6$b90$c20051115$lUSA01$h0951 979 $aCOPAT6$b90$c20060322$lUSA01$h1733 979 $aANNAMARIA$b90$c20071106$lUSA01$h1355 979 $aANNAMARIA$b90$c20071106$lUSA01$h1359 979 $aANNAMARIA$b90$c20071106$lUSA01$h1400 979 $aANNAMARIA$b90$c20071106$lUSA01$h1401 979 $aANNAMARIA$b90$c20121102$lUSA01$h1439 979 $aANNAMARIA$b90$c20121102$lUSA01$h1439 979 $aANNAMARIA$b90$c20121105$lUSA01$h1344 979 $aANNAMARIA$b90$c20130319$lUSA01$h1309 996 $aEnneades I-III$9926389 996 $aPorphyrii Vita Plotini$9926388 997 $aUNISA